Statistics for New Jersey General Knowledge

Click here to take the quiz!

General Stats

  • This quiz has been taken 57 times
  • The average score is 10 of 15

Answer Stats

HintAnswer% Correct
Resort city known for its casinos and boardwalkAtlantic City
98%
Nickname: ______ StateGarden
92%
Larges city in New Jersey, near NYCNewark
92%
Private Ivy League research university in NJPrinceton
90%
New Jersey NHL teamDevils
82%
Major city on the upper New York BayJersey City
80%
Suburb of philadelphia, known for its high crimeCamden
80%
3rd largest city in New Jersey, Passaic CountyPaterson
69%
22nd and 24th president born in CaldwellGrover Cleveland
65%
Famous former astronaught born in Glen RidgeBuzz Aldrin
57%
One of the best selling musical artists of all timeFrank Sinatra
51%
Resort city on the coast, known for its beachesWildwood
43%
Major pharmaceutical company HQed in NJJohnson & Johnson
43%
World's tallest roller coaster at Six Flags New JerseyKingda Ka
41%
10–story sculpture, memorial to 9/11 victimsTear Drop
10%

Score Distribution

Percentile by Number Answered

Percent of People with Each Score

Your Score History

You have not taken this quiz